Statistics for Top 20 Countries by HDI

Click here to take the quiz!

General Stats

  • This quiz has been taken 248 times
  • The average score is 17 of 20

Answer Stats

HDI Answer % Correct
0.995Norway
97%
0.937USA
97%
0.938Australia
96%
0.920Germany
96%
0.911Canada
96%
0.916Sweden
96%
0.912Japan
94%
0.901Denmark
93%
0.893France
92%
0.919New Zealand
92%
0.913Switzerland
90%
0.895Austria
86%
0.921Netherlands
86%
0.906Iceland
85%
0.909South Korea
85%
0.897Belgium
83%
0.916Ireland
82%
0.895Singapore
78%
0.900Israel
46%
0.906Hong Kong
28%

Score Distribution

Percentile by Number Answered

Percent of People with Each Score

Your Score History

You have not taken this quiz